000 01972nam0a2200313 4500
001 RU\NLR\BIBL_A\022436559
005 20260408233946.0
010 _a978-5-6052784-0-5
_91000
035 _a(NLR Aleph) 022436559
090 _a13632497
_c13632497
100 _a20250127d2024 u y0rusy50 ca
101 0 _arus
102 _aRU
105 _aaf z 000zd
181 0 _ai
_baxxe
182 0 _an
200 1 _aПолк и его сын
_eзащитники неба блокадного Ленинграда
_eсборник материалов по истории 194-го зенитного артиллерийского полка, защищавшего Ленинград в годы Великой Отечественной войны; в сборник включены воспоминания бойцов, документы, биографические справки и литературно-художественные версии событий
_eдокументы, воспоминания, художественная реконструкция
_fЛеонид Могилёв
203 _aТекст
_bвизуальный
_cнепосредственный
210 _aСанкт-Петербург
_cФонд содействия развитию современной литературы "Люди и книги"
_d2024
215 _a333, [1] с., [8] вкл. л. ил., портр.
_cил.
_d21
333 _a16+
601 0 2 _aЗенитный артиллерийский полк
_c194
_jДокументы и материалы
_3RU\NLR\AUTH\6601767438
_92700348
686 1 _aЦ35(2)722.11(2Р-4Ле-2Ленинград)-64-21,011
700 1 _aМогилев
_bЛ. И.
_f1953
_gЛеонид Иннокентьевич
942 _cUNSPEC
980 _aNB